External timber structures (Record no. 107432)

MARC details
000 -LEADER
fixed length control field 00921cam a22002775a 4500
001 - CONTROL NUMBER
control field L140132
008 - FIXED-LENGTH DATA ELEMENTS--GENERAL INFORMATION
fixed length control field 070905s2007 xxko f 000 0 eng d
020 ## - INTERNATIONAL STANDARD BOOK NUMBER
International Standard Book Number 9781860819858
035 ## - SYSTEM CONTROL NUMBER
System control number (Sirsi) u140132
041 0# - LANGUAGE CODE
Language code of text/sound track or separate title eng
050 04 - LIBRARY OF CONGRESS CALL NUMBER
Classification number 694.01 $2 18
100 1# - MAIN ENTRY--PERSONAL NAME
Personal name Reynolds, Tim
245 00 - TITLE STATEMENT
Title External timber structures
Remainder of title preservative treatment and durability
260 ## - PUBLICATION, DISTRIBUTION, ETC.
Place of publication, distribution, etc. Garston
Name of publisher, distributor, etc. IHS BRE
Date of publication, distribution, etc. 2007
300 ## - PHYSICAL DESCRIPTION
Extent 8p.
Other physical details ill.
Dimensions 30cm.
490 #0 - SERIES STATEMENT
Series statement BRE Digest
Volume/sequential designation DG 503
520 ## - SUMMARY, ETC.
Summary, etc. Offers guidance on appropriate and enhanced specifications of timber preservatives, and outlines additional measures for extending the service life of timber.
590 ## - LOCAL NOTE (RLIN)
Local note KA
651 #4 - SUBJECT ADDED ENTRY--GEOGRAPHIC NAME
Geographic name United Kingdom
Chronological subdivision
690 ## - LOCAL SUBJECT ADDED ENTRY--TOPICAL TERM (OCLC, RLIN)
Topical term or geographic name as entry element BUILT ENVIRONMENT-BUILDING MATERIALS-TIMBER
700 1# - ADDED ENTRY--PERSONAL NAME
Personal name Suttie, Ed
700 1# - ADDED ENTRY--PERSONAL NAME
Personal name Coggins, Chris
710 2# - ADDED ENTRY--CORPORATE NAME
Corporate name or jurisdiction name as entry element Building Research Establishment
710 2# - ADDED ENTRY--CORPORATE NAME
Corporate name or jurisdiction name as entry element Wood Protection Association
9 (RLIN) 5338
942 ## - ADDED ENTRY ELEMENTS (KOHA)
Suppress in OPAC 0
Holdings
Withdrawn status Lost status Source of classification or shelving scheme Damaged status Not for loan Home library Current library Shelving location Date acquired Total Checkouts Full call number Barcode Date last seen Copy number Price effective from Koha item type
    Dewey Decimal Classification     London London BRE publications 10/09/2007   ENQUIRY DESK 30074272 06/08/2019 1 06/08/2019 Book